000 01254nam a2200373 i 4500
001 8875
003 KOSZ 005
005 20220906140253.0
008 071024s1968 pl f 000 0 pol
015 _aPB 1968/4704
040 _aWA N
_cWA N
_dKOSZ 005/RW
_dKOSZ 005/HR
041 0 _apol
_beng
_brus
046 _k1968
080 _a330.32.173(438)
080 _a330.322(438)
100 1 _aPorwit, Krzysztof
_d(1922-2013)
_eAutor
245 1 0 _aZagadnienia rachunku ekonomicznego w planie centralnym /
_cKrzysztof Porwit.
250 _aWyd. 2 popr. i uzup.
260 _aWarszawa :
_bPaństwowe Wydawnictwo Ekonomiczne,
_c1968.
300 _a320 s. ;
_c18 cm.
336 _2rdacontent
_aTekst
_btxt
337 _2rdamedia
_aBez urządzenia pośredniczącego
_bn
338 _2rdacarrier
_aWolumin
_bnc
380 _aKsiążki.
388 _a1901-2000
388 _a1945-1989
504 _aBibliogr. s. [305]-311.
546 _aStreszcz. ang., ros.
650 4 _aPlanowanie gospodarcze
658 _aGospodarka, ekonomia, finanse
710 2 _aPaństwowe Wydawnictwo Ekonomiczne
_4pbl.
856 _uhttp://koha.tu.koszalin.pl/cgi-bin/koha/opac-detail.pl?biblionumber=8875
_yKatalog online BPK
942 _2UKD
_cKS
999 _c8875
_d8875